[Event "FIDE World Bl Team Pool C"]
[Site "London ENG"]
[Date "2025.06.14"]
[Round "9.4"]
[White "Mungunzul, Bat-Erdene"]
[Black "Zakarian, Dimitrios Levon"]
[Result "1-0"]
[WhiteTitle "WCM"]
[WhiteElo "2337"]
[BlackElo "2079"]
[WhiteTeam "Mongolia-B"]
[BlackTeam "ANI"]
[WhiteFideId "4902831"]
[BlackFideId "453080"]
[EventDate "2025.06.14"]
[EventType "team"]

1. d4 Nf6 2. c4 e6 3. Nf3 b6 4. g3 Bb7 5. Bg2 Be7 6. O-O O-O 7. Nc3 Ne4 8. Bd2
Bf6 9. Rc1 d6 10. Ne1 Nxc3 11. Bxc3 Bxg2 12. Nxg2 c5 13. d5 Bxc3 14. Rxc3 e5 15.
f4 Nd7 16. f5 a6 17. g4 b5 18. b3 bxc4 19. bxc4 Qa5 20. Qc2 Rfb8 21. g5 Rb4 22.
a3 Rb7 23. g6 Nf6 24. gxh7+ Kh8 25. Rg3 Rab8 26. Qc1 Nxh7 27. f6 Rg8 28. Kh1 Qd8
29. Rh3 gxf6 30. Qh6 Rg7 31. Ne3 Qg8 32. Nf5 Rg6 33. Qh4 Rg5 34. Nxd6 Rd7 35.
Ne4 Rg6 36. Nxf6 Rxf6 37. Qxf6+ Qg7 38. Qf5 Rc7 39. Rg1 1-0

[Event "FIDE World Bl Team Pool C"]
[Site "London ENG"]
[Date "2025.06.14"]
[Round "9.5"]
[White "Grigoryan, Meri"]
[Black "Sodbilegt, Naranbold"]
[Result "0-1"]
[WhiteTitle "WFM"]
[BlackTitle "FM"]
[WhiteElo "1980"]
[BlackElo "2363"]
[WhiteTeam "ANI"]
[BlackTeam "Mongolia-B"]
[WhiteFideId "13300571"]
[BlackFideId "4903528"]
[EventDate "2025.06.14"]
[EventType "team"]

1. e4 c5 2. c3 Nf6 3. e5 Nd5 4. d4 cxd4 5. cxd4 d6 6. Nf3 Nc6 7. exd6 Qxd6 8.
Nc3 Bg4 9. Be2 e6 10. h3 Bh5 11. O-O Be7 12. Ne4 Qc7 13. Be3 O-O 14. Rc1 Qb6 15.
b3 Rfd8 16. Ng3 Bg6 17. Bd3 Bxd3 18. Qxd3 Ncb4 19. Qb1 Rac8 20. Ne5 Bf6 21. Rxc8
Rxc8 22. Nd7 Qd8 23. Nxf6+ Qxf6 24. Rc1 Rd8 25. a3 Nc6 26. Ne4 Qe7 27. b4 h6 28.
Nc5 b6 29. Ne4 Qd7 30. Rc2 Nce7 31. Qc1 Nf5 32. Rc7 Nxc7 33. Qc2 Nxe3 34. fxe3
Nd5 35. Kf2 Rc8 36. Qd3 Qa4 37. Kg3 Qc2 38. Qxc2 Rxc2 39. Nd6 Nxe3 40. Kf3 Nxg2 0-1

[Event "FIDE World Bl Team Pool C"]
[Site "London ENG"]
[Date "2025.06.14"]
[Round "9.6"]
[White "Enkhbayar, Genden"]
[Black "Takvorian, Sebouh"]
[Result "1-0"]
[WhiteElo "1837"]
[BlackElo "1764"]
[WhiteTeam "Mongolia-B"]
[BlackTeam "ANI"]
[WhiteFideId "4928415"]
[BlackFideId "430960"]
[EventDate "2025.06.14"]
[EventType "team"]

1. d4 Nf6 2. c4 c5 3. e3 g6 4. Nc3 Bg7 5. Nf3 O-O 6. Bd3 d6 7. O-O Bg4 8. h3 Bd7
9. a3 e6 10. Rb1 Nc6 11. b4 cxb4 12. axb4 a5 13. bxa5 Nxa5 14. Nb5 Bc6 15. Bd2
Re8 16. Bb4 e5 17. Be2 e4 18. Nd2 d5 19. c5 Qd7 20. Nd6 Reb8 21. Bxa5 Rxa5 22.
Nb3 Raa8 23. Ra1 b6 24. Rxa8 Rxa8 25. Qd2 bxc5 26. dxc5 h5 27. Nd4 Rb8 28. Qa5
Kh7 29. Qa6 Ba8 30. N4b5 Bc6 31. Nd4 Bb7 32. Qa7 g5 33. Rb1 g4 34. hxg4 Nxg4 35.
Rxb7 Rxb7 36. Qxb7 Qa4 37. Bxg4 Qa1+ 38. Kh2 Be5+ 39. g3 hxg4 40. Qxf7+ Bg7 41.
N4f5 Qb2 42. Qh5+ Kg8 43. Qxg4 Qxf2+ 44. Kh1 Qf1+ 45. Kh2 Qf2+ 46. Kh3 Qf1+ 47.
Kh4 Qh1+ 48. Kg5 Qh6+ 49. Nxh6+ 1-0

[Event "FIDE World Bl Team Pool C"]
[Site "London ENG"]
[Date "2025.06.14"]
[Round "9.1"]
[White "Kogan, Arthur"]
[Black "Svane, Rasmus"]
[Result "0-1"]
[WhiteTitle "GM"]
[BlackTitle "GM"]
[WhiteElo "2475"]
[BlackElo "2626"]
[WhiteTeam "OlalaStars"]
[BlackTeam "Germany and Friends"]
[WhiteFideId "2800802"]
[BlackFideId "4657101"]
[EventDate "2025.06.14"]
[EventType "team"]

1. Nf3 d5 2. d4 e6 3. c4 a6 4. cxd5 exd5 5. Nc3 Nf6 6. Bg5 Be6 7. e3 Nbd7 8. Bd3
Bd6 9. Qc2 c6 10. Bh4 Qc7 11. Ng5 Bg4 12. f3 Bh5 13. O-O-O c5 14. Bf5 Bg6 15.
Kb1 O-O 16. g4 b5 17. Ne2 Rac8 18. Bg3 Rfe8 19. Bxg6 hxg6 20. Qd2 Nb6 21. b3 c4
22. Rc1 Qe7 23. Bxd6 Qxd6 24. h4 Qa3 25. Qb2 Qxb2+ 26. Kxb2 Rxe3 27. Nf4 a5 28.
Rhe1 Rce8 29. Rxe3 Rxe3 30. Rf1 a4 0-1

[Event "FIDE World Bl Team Pool C"]
[Site "London ENG"]
[Date "2025.06.14"]
[Round "9.2"]
[White "Bluebaum, Matthias"]
[Black "Krivenko, Dion"]
[Result "1-0"]
[WhiteTitle "GM"]
[BlackTitle "FM"]
[WhiteElo "2663"]
[BlackElo "2243"]
[WhiteTeam "Germany and Friends"]
[BlackTeam "OlalaStars"]
[WhiteFideId "24651516"]
[BlackFideId "4508378"]
[EventDate "2025.06.14"]
[EventType "team"]

1. d4 d6 2. Nf3 Nf6 3. c4 g6 4. Nc3 Bg7 5. e4 O-O 6. Be2 e5 7. Be3 Nc6 8. d5 Ne7
9. Nd2 Ne8 10. c5 f5 11. f3 Kh8 12. Nc4 Bd7 13. a4 b6 14. cxd6 Nxd6 15. Nxd6
cxd6 16. O-O f4 17. Bf2 g5 18. Nb5 Rf6 19. Rc1 Bxb5 20. axb5 h5 21. Qb3 Ng6 22.
Rc6 Qe7 23. Rfc1 Rd8 24. Qa3 Rd7 25. h3 g4 26. fxg4 f3 27. Bxf3 Nf4 28. Bh4 Qf7
29. Bxf6 Qxf6 30. Rf1 Bh6 31. gxh5 Qh4 32. Bg4 Rf7 33. g3 Nxh3+ 34. Bxh3 Be3+ 1-0

[Event "FIDE World Bl Team Pool C"]
[Site "London ENG"]
[Date "2025.06.14"]
[Round "9.3"]
[White "Sason, Noam"]
[Black "Kollars, Dmitrij"]
[Result "0-1"]
[BlackTitle "GM"]
[WhiteElo "2153"]
[BlackElo "2633"]
[WhiteTeam "OlalaStars"]
[BlackTeam "Germany and Friends"]
[WhiteFideId "371282346"]
[BlackFideId "12909572"]
[EventDate "2025.06.14"]
[EventType "team"]

1. Nf3 d5 2. g3 g6 3. Bg2 Bg7 4. O-O e5 5. d3 Nc6 6. e4 dxe4 7. dxe4 Qxd1 8.
Rxd1 Bg4 9. c3 Nf6 10. h3 Be6 11. Re1 O-O-O 12. Ng5 Rhe8 13. Nxe6 Rxe6 14. Na3
Bf8 15. Nc4 Nd7 16. b4 Nb6 17. Ne3 Bh6 18. Nd5 Bxc1 19. Raxc1 Ne7 20. c4 c6 21.
h4 Kb8 22. Ne3 f5 23. c5 Na4 24. Bh3 Rf6 25. Nc4 fxe4 26. Nxe5 Kc7 27. Rxe4 Nd5
28. Ng4 Rf7 29. Rce1 Nac3 30. Re6 Nxb4 31. Ne5 Rg7 32. Nc4 Ncd5 33. Re8 Nd3 34.
Rxd8 Kxd8 35. Re2 Nxc5 36. Nd6 b5 37. Re8+ Kc7 38. Ne4 Nxe4 39. Rxe4 Re7 40.
Rxe7+ 0-1

[Event "FIDE World Bl Team Pool C"]
[Site "London ENG"]
[Date "2025.06.14"]
[Round "9.4"]
[White "Donchenko, Alexander"]
[Black "Blokhin, Sofia"]
[Result "1-0"]
[WhiteTitle "GM"]
[BlackTitle "WFM"]
[WhiteElo "2613"]
[BlackElo "2057"]
[WhiteTeam "Germany and Friends"]
[BlackTeam "OlalaStars"]
[WhiteFideId "24603295"]
[BlackFideId "4508190"]
[EventDate "2025.06.14"]
[EventType "team"]

1. c4 c5 2. g3 Nf6 3. Bg2 d5 4. cxd5 Nxd5 5. Nc3 Nc7 6. d3 Nc6 7. Be3 e5 8.
Bxc6+ bxc6 9. Nf3 f6 10. Rc1 Rb8 11. Na4 Ne6 12. b3 Nd4 13. Nxc5 Nxf3+ 14. exf3
Bxc5 15. Bxc5 Ba6 16. Rc3 Qd5 17. O-O Rd8 18. Re1 Bxd3 19. f4 Kf7 20. fxe5 fxe5
21. Qh5+ Bg6 22. Qxe5 Qxe5 23. Rxe5 Rd1+ 24. Kg2 a6 25. Rf3+ 1-0

[Event "FIDE World Bl Team Pool C"]
[Site "London ENG"]
[Date "2025.06.14"]
[Round "9.5"]
[White "Agafonov, Yuri Dr"]
[Black "Wagner, Dinara"]
[Result "0-1"]
[BlackTitle "IM"]
[WhiteElo "2096"]
[BlackElo "2404"]
[WhiteTeam "OlalaStars"]
[BlackTeam "Germany and Friends"]
[WhiteFideId "11602104"]
[BlackFideId "24157570"]
[EventDate "2025.06.14"]
[EventType "team"]

1. d4 Nf6 2. Nf3 d5 3. e3 c5 4. Bd3 Nc6 5. O-O Bg4 6. Nbd2 cxd4 7. exd4 Nxd4 8.
h3 Nxf3+ 9. Nxf3 Bd7 10. c4 e6 11. Ne5 Be7 12. cxd5 Nxd5 13. Nxd7 Qxd7 14. Qg4
Bf6 15. Rd1 O-O 16. Qe4 g6 17. Bh6 Rfd8 18. Rab1 Qe7 19. Qf3 Bg5 20. Bxg5 Qxg5
21. g3 Rac8 22. h4 Qf6 23. Qg2 b6 24. h5 Qg5 25. hxg6 hxg6 26. Be4 Nf6 27. Bf3
Rd2 28. Rxd2 Qxd2 29. Qh3 Rc2 30. Rf1 Rxb2 31. Qh4 Kg7 32. a4 Rc2 33. Kg2 Rc1
34. Rxc1 Qxc1 35. Qd4 Qc5 36. Qd8 e5 37. Qa8 a5 38. Qc6 Qxc6 39. Bxc6 Kf8 40. f4
exf4 41. gxf4 Ke7 42. Kf3 Kd6 43. Bb5 Nd5 44. Be8 Ke7 45. Bc6 Nb4 46. Ke3 Nxc6 0-1

[Event "FIDE World Bl Team Pool C"]
[Site "London ENG"]
[Date "2025.06.14"]
[Round "9.6"]
[White "Lobkin, Bohdan"]
[Black "Kiritshenko, Platon"]
[Result "0-1"]
[WhiteElo "1900"]
[BlackElo "1587"]
[WhiteTeam "Germany and Friends"]
[BlackTeam "OlalaStars"]
[WhiteFideId "34115552"]
[BlackFideId "4522010"]
[EventDate "2025.06.14"]
[EventType "team"]

1. e4 c5 2. d4 cxd4 3. Qxd4 Nc6 4. Qe3 g6 5. Nc3 Bg7 6. Bc4 Nf6 7. Nge2 O-O 8.
h3 d6 9. O-O Bd7 10. Rd1 a6 11. a3 Rc8 12. Bb3 Na5 13. Ba2 Nc4 14. Bxc4 Rxc4 15.
b3 Rc8 16. Bb2 Qc7 17. Qd3 Rfd8 18. Rac1 Bc6 19. Nd5 Nxd5 20. Bxg7 Kxg7 21. exd5
Bd7 22. c4 Bf5 23. Qd4+ Kg8 24. g3 Bxh3 25. g4 f5 26. f3 fxg4 27. fxg4 Qd7 28.
Re1 Qxg4+ 29. Qxg4 Bxg4 30. Nd4 Rd7 31. b4 Rdc7 32. Re4 Bf5 33. Nxf5 gxf5 34.
Rf4 b5 35. Rxf5 Rxc4 36. Rcf1 Rg4+ 37. Kh1 Rg3 38. Re1 Rc4 39. Kh2 Rg6 40. Rh5
Rg7 41. Kh3 Rc3+ 42. Kh2 Rxa3 43. Rc1 Ra2+ 44. Kh1 Rf2 45. Rh3 Rf4 46. Rc7 Rxb4
47. Ra7 Rb1+ 48. Kh2 Ra1 49. Rf3 h6 50. Ra8+ Kh7 51. Rff8 Kg6 52. Rac8 b4 53.
Rc4 a5 54. Rb8 Kf5 55. Rc2 Ke5 56. Rb5 Rg4 57. Re2+ Re4 58. Rd2 Ra3 59. Kg1 b3
60. Rh2 a4 61. Rh5+ Kd4 62. Rb4+ Kd3 63. Rh3+ Re3 64. Rhh4 Re2 65. Rhd4+ Kc2 66.
Kf1 Rd2 67. Rbc4+ Kb1 68. Rxd2 Ra2 69. Rd1+ Kb2 70. Ke1 Ka3 71. Rdd4 Kb2 72.
Rxa4 Rxa4 73. Rxa4 Kc3 74. Ra7 b2 75. Rb7 Kc2 76. Rc7+ Kb3 77. Rb7+ Ka2 78. Ra7+
Kb3 79. Rb7+ Kc3 80. Kd1 h5 81. Rc7+ Kb3 82. Rb7+ Kc3 83. Rc7+ Kb3 84. Kd2 0-1

[Event "FIDE World Bl Team Pool C"]
[Site "London ENG"]
[Date "2025.06.14"]
[Round "10.1"]
[White "Sindarov, Javokhir"]
[Black "Zakarian, David"]
[Result "1-0"]
[WhiteTitle "GM"]
[BlackTitle "FM"]
[WhiteElo "2710"]
[BlackElo "2301"]
[WhiteTeam "Uzbekistan"]
[BlackTeam "ANI"]
[WhiteFideId "14205483"]
[BlackFideId "13301276"]
[EventDate "2025.06.14"]
[EventType "team"]

1. e4 c5 2. Nf3 Nc6 3. d4 cxd4 4. Nxd4 e5 5. Nb5 d6 6. N1c3 a6 7. Na3 Be6 8. Nc4
b5 9. Ne3 Nf6 10. Bd3 g6 11. a4 b4 12. Ncd5 Bg7 13. Nxf6+ Bxf6 14. Bc4 O-O 15.
O-O Bg7 16. Qd3 Bxc4 17. Nxc4 Nd4 18. Be3 Qc7 19. Kh1 Rac8 20. b3 f5 21. Bxd4
exd4 22. Rae1 fxe4 23. Qxe4 Rf7 24. Qd5 Rd8 25. Re6 Kh8 26. Rxd6 Rxd6 27. Nxd6
Rd7 28. Qa8+ 1-0

[Event "FIDE World Bl Team Pool C"]
[Site "London ENG"]
[Date "2025.06.14"]
[Round "10.2"]
[White "Kiremitciyan, Ari"]
[Black "Yakubboev, Nodirbek"]
[Result "0-1"]
[WhiteTitle "FM"]
[BlackTitle "GM"]
[WhiteElo "2271"]
[BlackElo "2659"]
[WhiteTeam "ANI"]
[BlackTeam "Uzbekistan"]
[WhiteFideId "6373445"]
[BlackFideId "14203987"]
[EventDate "2025.06.14"]
[EventType "team"]

1. Nf3 Nf6 2. g3 g6 3. b3 Bg7 4. Bb2 O-O 5. Bg2 d6 6. c4 e5 7. d3 Nc6 8. O-O h6
9. a3 a5 10. Nbd2 Re8 11. Qc2 Bf5 12. e4 Bg4 13. h3 Bxf3 14. Nxf3 Nh7 15. Bc3
Ng5 16. b4 Nxf3+ 17. Bxf3 h5 18. h4 Qd7 19. Bg2 b6 20. Kh2 Reb8 21. Bh3 Qe8 22.
b5 Nd8 23. f4 Ne6 24. Bxe6 Qxe6 25. f5 Qd7 26. Rf3 Kh7 27. Raf1 Rf8 28. a4 Bh6
29. Bd2 Qe7 30. Bxh6 Kxh6 31. Qd2+ Kh7 32. f6 Qe6 33. Qg5 Rh8 34. R3f2 Kg8 35.
Rf3 Kf8 36. R3f2 Ke8 37. Rf3 Kd7 38. R3f2 Qg4 39. Qxg4+ hxg4 40. Kg2 Rh5 41. Rd1
Rah8 42. Rff1 g5 43. Rh1 gxh4 44. Rxh4 Rxh4 45. gxh4 Rxh4 46. Kg3 Rh6 47. Rf1
Rh3+ 48. Kxg4 Rxd3 49. Kf5 Rc3 50. Rh1 Rf3+ 51. Kg5 Ke6 52. Rh8 Rg3+ 53. Kh4 Rg6
54. Rc8 Kd7 55. Rf8 Rxf6 0-1

[Event "FIDE World Bl Team Pool C"]
[Site "London ENG"]
[Date "2025.06.14"]
[Round "10.3"]
[White "Kasimdzhanov, Rustam"]
[Black "Zakarian, Dimitrios Levon"]
[Result "1-0"]
[WhiteTitle "GM"]
[WhiteElo "2675"]
[BlackElo "2079"]
[WhiteTeam "Uzbekistan"]
[BlackTeam "ANI"]
[WhiteFideId "14200244"]
[BlackFideId "453080"]
[EventDate "2025.06.14"]
[EventType "team"]

1. e4 c5 2. Nf3 e6 3. c3 Nf6 4. e5 Nd5 5. Bc4 Nb6 6. Bb3 d6 7. exd6 Bxd6 8. d4
O-O 9. O-O h6 10. Re1 N8d7 11. Nbd2 Nf6 12. Bc2 cxd4 13. Nxd4 Nbd5 14. N2f3 b6
15. Ne5 Bb7 16. Qd3 a6 17. Qg3 Kh8 18. Qh3 Ng8 19. Nxe6 Qc8 20. Nxf8 Qxh3 21.
Nxf7# 1-0

[Event "FIDE World Bl Team Pool C"]
[Site "London ENG"]
[Date "2025.06.14"]
[Round "10.4"]
[White "Grigoryan, Meri"]
[Black "Vokhidov, Shamsiddin"]
[Result "0-1"]
[WhiteTitle "WFM"]
[BlackTitle "GM"]
[WhiteElo "1980"]
[BlackElo "2644"]
[WhiteTeam "ANI"]
[BlackTeam "Uzbekistan"]
[WhiteFideId "13300571"]
[BlackFideId "14204223"]
[EventDate "2025.06.14"]
[EventType "team"]

1. d4 Nf6 2. Nf3 b6 3. Bf4 Bb7 4. e3 Nh5 5. Bg3 g6 6. c4 d6 7. Nc3 Bg7 8. Be2
Nd7 9. Rc1 O-O 10. O-O Nxg3 11. hxg3 e6 12. e4 e5 13. dxe5 Nxe5 14. Nxe5 Bxe5
15. Bf3 Re8 16. Re1 a6 17. Qd2 h5 18. Nd5 Bg7 19. b4 c6 20. Nf4 Qe7 21. a3 Rad8
22. Qc2 h4 23. g4 Bh6 24. g3 Qf6 25. Qd2 Bc8 26. Kg2 hxg3 27. fxg3 Bg5 28. Rh1
Kg7 29. Rh2 Rh8 30. Rch1 Rxh2+ 31. Rxh2 b5 32. cxb5 axb5 33. Qc1 Bd7 34. Qh1
Qb2+ 35. Ne2 Kf8 36. Rh8+ Ke7 37. Rxd8 Kxd8 38. Qh7 Ke7 39. Qg8 Be8 40. Qh7 Qxa3 0-1

[Event "FIDE World Bl Team Pool C"]
[Site "London ENG"]
[Date "2025.06.14"]
[Round "10.5"]
[White "Khamdamova, Afruza"]
[Black "Mesropyan, Hayk"]
[Result "1-0"]
[WhiteTitle "WIM"]
[WhiteElo "2326"]
[BlackElo "1866"]
[WhiteTeam "Uzbekistan"]
[BlackTeam "ANI"]
[WhiteFideId "14210444"]
[BlackFideId "499455"]
[EventDate "2025.06.14"]
[EventType "team"]

1. e4 e5 2. Nf3 Nc6 3. Bb5 a6 4. Ba4 Nf6 5. O-O b5 6. Bb3 Be7 7. d4 d6 8. c3 O-O
9. h3 Bd7 10. Re1 Re8 11. Nbd2 Bf8 12. Bc2 b4 13. d5 bxc3 14. bxc3 Na5 15. c4 c6
16. Ba3 Nh5 17. Bd3 Nf4 18. Bf1 f5 19. dxc6 Nxc6 20. g3 fxe4 21. Nxe4 Nxh3+ 22.
Bxh3 Bxh3 23. Qd5+ Be6 24. Qxc6 Rc8 25. Qa4 Rxc4 26. Qd1 d5 27. Bxf8 Rxf8 28.
Ned2 Qf6 29. Nxc4 dxc4 30. Qd6 Kh8 31. Re3 e4 32. Rf1 h5 33. Nd4 Rd8 34. Qxe6
Qxd4 35. Qxe4 Qf6 36. Qh4 Qxh4 37. gxh4 Rd4 38. Rc1 Rxh4 39. Rec3 Rg4+ 40. Kf1
Rg6 41. Rxc4 Rd6 42. Rc5 Rd4 43. Rxh5+ Kg8 44. Ra5 Rd6 45. Rc3 Rd1+ 46. Kg2 Rd6
47. Rca3 Rg6+ 48. Kf1 Rh6 49. Rxa6 Rh1+ 50. Ke2 Rh5 51. Ra7 Re5+ 52. Kf3 Rf5+
53. Kg3 Rg5+ 54. Kf4 Rg6 55. R3a6 Rg2 56. f3 Rc2 57. Rd7 Rc4+ 58. Kg3 Rc2 59.
Raa7 Rc1 60. Rxg7+ Kf8 61. Rh7 Rg1+ 62. Kf2 1-0

[Event "FIDE World Bl Team Pool C"]
[Site "London ENG"]
[Date "2025.06.14"]
[Round "10.6"]
[White "Takvorian, Sebouh"]
[Black "Imomkuzieva, Nilufarkhon"]
[Result "0-1"]
[BlackTitle "WFM"]
[WhiteElo "1764"]
[BlackElo "2066"]
[WhiteTeam "ANI"]
[BlackTeam "Uzbekistan"]
[WhiteFideId "430960"]
[BlackFideId "14216736"]
[EventDate "2025.06.14"]
[EventType "team"]

1. e4 e5 2. Nf3 Nc6 3. d4 exd4 4. Nxd4 Bc5 5. Nb3 Bb6 6. Qe2 Nge7 7. Nc3 O-O 8.
Be3 f5 9. exf5 d5 10. Bxb6 axb6 11. O-O-O Bxf5 12. g4 Bg6 13. h4 Bf7 14. Bg2 d4
15. Bxc6 Nxc6 16. Nb5 Rxa2 17. N5xd4 Nxd4 18. Rxd4 Qf6 19. Rhd1 Qxh4 20. g5
Qxg5+ 21. f4 Qf6 22. Rd7 Bxb3 23. cxb3 Ra1+ 24. Kc2 Qf5+ 25. R1d3 Qc5+ 26. Rc3
Qf5+ 27. Rcd3 Ra5 28. Qg2 Rc5+ 29. Kd2 Qxf4+ 30. Ke2 Rc2+ 31. Rd2 Rxd2+ 32. Rxd2
Re8+ 33. Kd1 Qe4 34. Re2 Qb1+ 35. Kd2 Qxb2+ 36. Kd3 Qxe2+ 37. Kd4 0-1

[Event "FIDE World Bl Team Pool C"]
[Site "London ENG"]
[Date "2025.06.14"]
[Round "10.1"]
[White "Gan-Erdene, Sugar"]
[Black "Kogan, Arthur"]
[Result "0-1"]
[WhiteTitle "IM"]
[BlackTitle "GM"]
[WhiteElo "2454"]
[BlackElo "2475"]
[WhiteTeam "Mongolia-B"]
[BlackTeam "OlalaStars"]
[WhiteFideId "4902980"]
[BlackFideId "2800802"]
[EventDate "2025.06.14"]
[EventType "team"]

1. e4 d5 2. exd5 Qxd5 3. Nc3 Qa5 4. d4 c6 5. Nf3 Bf5 6. Bc4 e6 7. O-O Nd7 8. Qe2
O-O-O 9. a3 Qc7 10. b4 Bd6 11. h3 Ne7 12. b5 c5 13. Be3 Nb6 14. Bd3 c4 15. Bxf5
Nxf5 16. Nd2 Bh2+ 17. Kh1 Bf4 18. Bxf4 Qxf4 19. Nxc4 Nxd4 20. Nxb6+ axb6 21.
Qc4+ Qc7 22. Qxc7+ Kxc7 23. a4 Kb8 24. a5 Rc8 25. Ne4 Nxc2 26. Ra4 bxa5 27. Rxa5
Rhd8 28. b6 Rc6 29. Rb1 h6 30. Rb2 f5 31. Rba2 Rxb6 32. Ra8+ Kc7 33. Rxc2+ Rc6
34. Rxc6+ bxc6 35. Rxd8 Kxd8 36. Nc5 Ke7 37. Kg1 Kd6 38. Nd3 Kd5 39. Kf1 Kd4 40.
Ke2 e5 41. Kd2 c5 42. Ne1 e4 43. Nc2+ Ke5 44. Kc3 f4 45. Kc4 g5 46. Kxc5 h5 47.
Kc4 h4 48. Kc3 g4 49. Kd2 f3 50. Ne3 fxg2 51. Nxg2 gxh3 52. Ne3 Kf4 53. Ke2 h2
54. Ng2+ Kg5 0-1

[Event "FIDE World Bl Team Pool C"]
[Site "London ENG"]
[Date "2025.06.14"]
[Round "10.2"]
[White "Krivenko, Dion"]
[Black "Bilguun, Sumiya"]
[Result "1/2-1/2"]
[WhiteTitle "FM"]
[BlackTitle "GM"]
[WhiteElo "2243"]
[BlackElo "2451"]
[WhiteTeam "OlalaStars"]
[BlackTeam "Mongolia-B"]
[WhiteFideId "4508378"]
[BlackFideId "4901541"]
[EventDate "2025.06.14"]
[EventType "team"]

1. Nc3 e6 2. d4 d5 3. Bf4 Nf6 4. Nb5 Na6 5. e3 c6 6. Nc3 Nb8 7. Nf3 a6 8. Ne5 c5
9. Be2 Nc6 10. O-O Bd7 11. a3 b5 12. Bf3 Rc8 13. Re1 Be7 14. h3 O-O 15. Ne2 Nxe5
16. Bxe5 Bc6 17. c3 Bd6 18. Bf4 Qe7 19. Ng3 Rfd8 20. Qe2 h6 21. Kh2 Qc7 22. Bxd6
Qxd6 23. Kg1 g6 24. h4 h5 25. Qd2 e5 26. dxe5 Qxe5 27. Rad1 Kg7 28. Qc2 Bd7 29.
e4 d4 30. Qd2 Be6 31. Qg5 Qxg5 32. hxg5 Ng4 33. Bxg4 hxg4 34. cxd4 cxd4 35. Rd2
d3 36. Nf1 Rc2 37. Red1 Rxd2 38. Rxd2 f6 39. gxf6+ Kxf6 40. f3 Ke5 41. Kf2 Kd4
42. Ng3 gxf3 43. gxf3 Rh8 44. Ne2+ Kc4 45. Nf4 Bf7 46. Nxd3 Rh2+ 47. Ke3 Rxd2
48. Kxd2 Kb3 49. f4 Be8 50. e5 Kc4 51. Ke3 a5 52. Kd2 Kd4 53. b4 a4 54. Nc5 Bc6
55. Ke2 Kc3 56. e6 Kd4 57. Kd2 Be8 58. Ke2 Bc6 59. Kd2 Be8 60. Ke2 Bc6 61. Kd2 1/2-1/2

[Event "FIDE World Bl Team Pool C"]
[Site "London ENG"]
[Date "2025.06.14"]
[Round "10.3"]
[White "Batkhuyag, Munguntuul"]
[Black "Sason, Noam"]
[Result "1-0"]
[WhiteTitle "IM"]
[WhiteElo "2356"]
[BlackElo "2153"]
[WhiteTeam "Mongolia-B"]
[BlackTeam "OlalaStars"]
[WhiteFideId "4900758"]
[BlackFideId "371282346"]
[EventDate "2025.06.14"]
[EventType "team"]

1. e4 c5 2. Nf3 d6 3. d4 cxd4 4. Nxd4 Nf6 5. Nc3 g6 6. Be3 Bg7 7. f3 Nc6 8. Qd2
O-O 9. O-O-O d5 10. Qe1 e5 11. Nxc6 bxc6 12. exd5 Nxd5 13. Bc4 Be6 14. Kb1 Nxc3+
15. Qxc3 Qe7 16. Bb3 Rfd8 17. Qxc6 Rdc8 18. Qd6 Qf6 19. Bxe6 fxe6 20. Qa6 Rab8
21. Rd7 Rf8 22. Rhd1 Qf5 23. Qxa7 Bf6 24. Bh6 Rfc8 25. Rg7+ Kh8 26. Rxh7+ Kg8
27. Qf7# 1-0

[Event "FIDE World Bl Team Pool C"]
[Site "London ENG"]
[Date "2025.06.14"]
[Round "10.4"]
[White "Blokhin, Sofia"]
[Black "Mungunzul, Bat-Erdene"]
[Result "0-1"]
[WhiteTitle "WFM"]
[BlackTitle "WCM"]
[WhiteElo "2057"]
[BlackElo "2337"]
[WhiteTeam "OlalaStars"]
[BlackTeam "Mongolia-B"]
[WhiteFideId "4508190"]
[BlackFideId "4902831"]
[EventDate "2025.06.14"]
[EventType "team"]

1. d4 d5 2. c4 c6 3. Nc3 Nf6 4. Nf3 a6 5. cxd5 cxd5 6. e3 Nc6 7. Bd3 Bg4 8. h3
Bh5 9. O-O e6 10. b3 Bd6 11. Bb2 O-O 12. Rc1 Rc8 13. Be2 Ne4 14. Nxe4 dxe4 15.
Ne5 Bxe2 16. Qxe2 Bxe5 17. dxe5 Qa5 18. Bc3 Qa3 19. Qb2 Qxb2 20. Bxb2 Rfd8 21.
Rfd1 Kf8 22. Ba3+ Ke8 23. Bd6 f6 24. exf6 gxf6 25. Ba3 f5 26. Rd6 Rxd6 27. Bxd6
Rd8 28. Bf4 Rd2 29. a3 Rd3 30. Rb1 Na5 31. b4 Nc4 32. a4 Ra3 33. a5 Kd7 34. h4
Kc6 35. Rc1 Kb5 36. Rb1 Ra4 37. f3 exf3 38. gxf3 Rxb4 39. Rd1 Kxa5 40. e4 fxe4
41. fxe4 Rb3 42. Ra1+ Kb5 43. Rd1 Rf3 44. Bg5 a5 45. Rd7 b6 46. Rxh7 a4 47. Be7
a3 48. Bxa3 Rxa3 49. Re7 e5 50. h5 Rh3 51. Rh7 Nd2 52. Kg2 Rh4 53. Kg3 Rh1 54.
Kg2 Rh4 55. Kg3 Rf4 56. h6 Nxe4+ 57. Kg2 Rh4 58. Rh8 Nf6 59. Kg3 Rh5 60. Kf3 Kc5
61. Rc8+ Kd5 62. Rd8+ Ke6 63. Rh8 Kf5 64. Rb8 Rxh6 65. Rxb6 Rh3+ 66. Ke2 e4 67.
Rb5+ Kf4 68. Kf2 Ng4+ 69. Ke1 Kf3 70. Rb3+ e3 0-1

[Event "FIDE World Bl Team Pool C"]
[Site "London ENG"]
[Date "2025.06.14"]
[Round "10.5"]
[White "Sodbilegt, Naranbold"]
[Black "Agafonov, Yuri Dr"]
[Result "1-0"]
[WhiteTitle "FM"]
[WhiteElo "2363"]
[BlackElo "2096"]
[WhiteTeam "Mongolia-B"]
[BlackTeam "OlalaStars"]
[WhiteFideId "4903528"]
[BlackFideId "11602104"]
[EventDate "2025.06.14"]
[EventType "team"]

1. e4 d6 2. d4 Nf6 3. Nc3 g6 4. f4 Bg7 5. Nf3 c6 6. Be3 O-O 7. Bd3 b5 8. h3 a6
9. O-O Qc7 10. e5 Nd5 11. Nxd5 cxd5 12. c3 Nc6 13. Qd2 Na5 14. Rae1 Nc4 15. Qc1
Rb8 16. Bf2 Bd7 17. Bh4 Rfe8 18. Ng5 f6 19. e6 fxg5 20. exd7 Qxd7 21. Bxg5 e5
22. f5 e4 23. Bxc4 dxc4 24. f6 Bxf6 25. Bxf6 d5 26. Be5 Rbc8 27. Rf6 Rf8 28.
Ref1 Rxf6 29. Rxf6 Rf8 30. Rxf8+ Kxf8 31. Qf4+ Ke8 32. Qf6 1-0